000 00629nam a22001817a 4500
003 UA-OsUOA
001 8869
007 ta
008 20040907b un ||||| |||| 00| 0 ukr d
100 _aКарпенко І.
942 _cSA
040 _aUA-OsUOA
_cUA-OsUOA
_dUA-OsUOA
245 _aУ пошукх паперів гетьмана Мазепи : [ про віднайдену частину архіву Івана Мазепи у Санкт-Петербурзі ]
300 _aС.16
955 _a0
773 0 _w0
_tУкраїнська культура
_dКиїв
_d2004
_g№8
650 7 _aІсторія України
_2UDC
999 _c295030
_d295030